000 00496nam a2200181Ia 4500
008 090123s9999 xx 000 0 und d
082 _b14680
_a891.463/सामंत
100 _aसामंत माया
245 _aबाधा
250 _a1
260 _bश्रध्दा प्रकाशन
300 _a139
600 _aसामंत माया
630 _aबाधा
700 _aसामंत माया
730 _aबाधा
942 _cBOOK
999 _c52741
_d52741